Sports Quiz

Random Sports or NFL Quiz

NFL First Team All-Pro QBs Quiz Stats

 Plays Quiz not verified by Sporcle

Score 0/24 Timer 05:00
0 Plays Today
First Team All-Pro Seasons % Correct
2003-2005, 2008, 2009Peyton Manning
99.5%
2007Tom Brady
97.1%
1995-1997Brett Favre
92.9%
1987, 1989, 1990Joe Montana
92.9%
1984-1986Dan Marino
91.2%
1992-1994Steve Young
91.1%
2006Drew Brees
84.1%
1978Terry Bradshaw
82.8%
1999, 2001Kurt Warner
81.8%
1979, 1982Dan Fouts
75%
1975Fran Tarkenton
74.1%
1991Jim Kelly
72.8%
First Team All-Pro Seasons % Correct
2000, 2002Rich Gannon
66.4%
1974Ken Stabler
64.6%
1988Boomer Esiason
61.1%
1971, 1977Bob Griese
58.4%
1981Ken Anderson
57.8%
1998Randall Cunningham
56.8%
1983Joe Theismann
54.9%
1980Brian Sipe
38.9%
1976Bert Jones
37.8%
1973John Hadl
33.6%
1970John Brodie
31.8%
*1968*, 1972Earl Morrall
31.6%

You're not logged in!

Compare scores with friends on all Sporcle quizzes.
OR
Log In

Show Comments

Extras

Top Quizzes Today


Score Distribution

Your Account Isn't Verified!

In order to create a playlist on Sporcle, you need to verify the email address you used during registration. Go to your Sporcle Settings to finish the process.

Report this User

Report this user for behavior that violates our Community Guidelines.

Details: